[Event "WYCC 2018 O14"]
[Site "Halkidiki"]
[Date "2018.10.28"]
[Round "9"]
[White "Tengis, Tsog-Ochir"]
[Black "Spyropoulos, Nikolaos"]
[Result "0-1"]
[WhiteElo "2205"]
[BlackElo "2378"]
[Annotator "NA"]
[PlyCount "110"]
[EventDate "2018.10.20"]
[EventType "swiss"]
[EventCountry "GRE"]
[SourceTitle "playchess.com"]
[Source "ChessBase"]
[SourceQuality "1"]
[TimeControl "40/5400+30:1800+30"]

1. d4 {[%emt 0:00:00]} d5 {[%emt 0:00:07]} 2. g3 {[%emt 0:00:00]} Nc6 {[%emt 0:00:28]} 3. Bg2 {[%emt 0:00:00]} Bg4 {[%emt 0:00:29]} 4. Nf3 {[%emt 0:00:00]} Qd7 {[%emt 0:00:16]} 5. h3 {[%emt 0:00:23]} Bxf3 {[%emt 0:00:31]} 6. exf3 {[%emt 0:01:18]} h5 {[%emt 0:02:19]} 7. O-O {[%emt 0:00:09]} e6 {[%emt 0:05:12]} 8. c3 {[%emt 0:00:03]} Bd6 {[%emt 0:03:55]} 9. b4 {[%emt 0:00:48]} Nge7 {[%emt 0:22:31]} 10. Nd2 {[%emt 0:01:21]} h4 {[%emt 0:07:38]} 11. g4 {[%emt 0:01:58]} Ng6 {[%emt 0:01:54]} 12. Nb3 {[%emt 0:01:03]} b6 {[%emt 0:01:26]} 13. Bd2 {[%emt 0:03:06]} Nf4 {[%emt 0:07:25]} 14. Nc1 {[%emt 0:02:12]} Ne7 $15 {[%emt 0:01:52]} 15. Bxf4 {[%emt 0:01:04]} Bxf4 {[%emt 0:00:05]} 16. Nd3 {[%emt 0:00:06]} Ng6 {[%emt 0:00:26]} 17. Re1 {[%emt 0:00:02]} a5 {[%emt 0:02:37]} 18. a4 {[%emt 0:00:01]} O-O {[%emt 0:01:58]} 19. Bf1 {[%emt 0:00:25]} Qe7 {[%emt 0:06:49]} 20. Qc2 {[%emt 0:10:26]} Qf6 {[%emt 0:11:45]} 21. b5 {[%emt 0:12:48]} Rac8 {[%emt 0:01:30]} 22. c4 {[%emt 0:21:35]} c6 {[%emt 0:09:31]} 23. Qa2 {[%emt 0:25:29]} Qxd4 {[%emt 0:01:35]} 24. bxc6 {[%emt 0:00:02]} Qxc4 {[%emt 0:06:37]} 25. Qxc4 {[%emt 0:02:30]} dxc4 {[%emt 0:00:03]} 26. Nxf4 {[%emt 0:00:03]} Nxf4 {[%emt 0:00:04]} 27. Re4 {[%emt 0:00:06]} Nd3 {[%emt 0:01:23]} 28. Rxc4 {[%emt 0:00:01]} Ne5 {[%emt 0:00:06]} 29. Re4 {[%emt 0:00:46]} Nxf3+ {[%emt 0:01:58]} 30. Kg2 {[%emt 0:00:01]} Nd2 {[%emt 0:00:07]} 31. Re2 {[%emt 0:00:23]} Nxf1 {[%emt 0:00:05]} 32. Rc1 {[%emt 0:00:06]} Rfd8 {[%emt 0:00:16]} 33. Kxf1 {[%emt 0:00:08]} Rd6 {[%emt 0:00:28]} 34. Rec2 {[%emt 0:01:10]} Kf8 {[%emt 0:01:14]} 35. c7 {[%emt 0:03:19]} Ke7 {[%emt 0:00:22]} 36. Rc4 {[%emt 0:01:19]} Rd3 {[%emt 0:01:34]} 37. Kg2 {[%emt 0:01:58]} Kd7 {[%emt 0:00:46]} 38. Rf4 {[%emt 0:05:53]} f6 {[%emt 0:00:49]} 39. g5 {[%emt 0:00:14]} Rxc7 {[%emt 0:00:35]} 40. gxf6 {[%emt 0:00:00]} gxf6 {[%emt 0:00:00]} 41. Rb1 {[%emt 0:00:36]} Rc6 {[%emt 0:01:29]} 42. Rxh4 {[%emt 0:00:09]} e5 {[%emt 0:00:32]} 43. Rh7+ {[%emt 0:00:04]} Ke6 {[%emt 0:00:05]} 44. Rb7 {[%emt 0:00:39]} Rd4 {[%emt 0:01:24]} 45. R7xb6 {[%emt 0:01:08]} Rxb6 {[%emt 0:00:07]} 46. Rxb6+ {[%emt 0:00:12]} Kf5 {[%emt 0:00:03]} 47. Ra6 {[%emt 0:00:18]} Rxa4 {[%emt 0:00:12]} 48. Kg3 {[%emt 0:01:45]} Ra1 {[%emt 0:04:10]} 49. Kg2 {[%emt 0:00:36]} a4 {[%emt 0:01:12]} 50. Kh2 {[%emt 0:01:41]} a3 {[%emt 0:01:01]} 51. Kg2 {[%emt 0:01:10]} a2 {[%emt 0:01:14]} 52. Kf3 {[%emt 0:01:09]} e4+ {[%emt 0:02:02]} 53. Kg2 {[%emt 0:02:07]} Kg5 {[%emt 0:00:12]} 54. Ra8 {[%emt 0:09:26]} f5 {[%emt 0:00:13]} 55. Rg8+ {[%emt 0:00:14]} Kh6 {[%emt 0:00:48]} 0-1

[Event "WYCC 2018 O14"]
[Site "Halkidiki"]
[Date "2018.10.28"]
[Round "9"]
[White "Juhasz, Agoston"]
[Black "Ibarra, Juan Martin"]
[Result "1-0"]
[WhiteElo "2174"]
[BlackElo "1899"]
[Annotator "NA"]
[PlyCount "89"]
[EventDate "2018.10.20"]
[EventType "swiss"]
[EventCountry "GRE"]
[SourceTitle "playchess.com"]
[Source "ChessBase"]
[SourceQuality "1"]
[TimeControl "40/5400+30:1800+30"]

1. e4 {[%emt 0:00:00]} c5 {[%emt 0:00:00]} 2. Nf3 {[%emt 0:00:00]} d6 {[%emt 0:00:00]} 3. Bc4 {[%emt 0:00:12]} Nc6 {[%emt 0:04:45]} 4. c3 {[%emt 0:02:42]} e6 {[%emt 0:02:32]} 5. Bb3 {[%emt 0:03:33]} Nf6 {[%emt 0:14:42]} 6. d3 {[%emt 0:01:15]} Be7 {[%emt 0:01:29]} 7. O-O {[%emt 0:01:11]} O-O {[%emt 0:00:17]} 8. Re1 {[%emt 0:00:33]} e5 {[%emt 0:01:58]} 9. Nbd2 {[%emt 0:01:43]} Qc7 {[%emt 0:01:31]} 10. a4 {[%emt 0:03:57]} Bg4 {[%emt 0:02:53]} 11. Nc4 {[%emt 0:07:02]} Na5 {[%emt 0:16:18]} 12. Nxa5 {[%emt 0:10:54]} Qxa5 {[%emt 0:01:21]} 13. h3 {[%emt 0:00:21]} Bxf3 {[%emt 0:04:27]} 14. Qxf3 {[%emt 0:00:25]} Rac8 {[%emt 0:07:52]} 15. g4 {[%emt 0:05:01]} b5 {[%emt 0:04:16]} 16. g5 {[%emt 0:01:27]} Nd7 {[%emt 0:01:15]} 17. Be3 {[%emt 0:17:51]} b4 {[%emt 0:00:19]} 18. Bd2 {[%emt 0:02:30]} Qd8 {[%emt 0:02:25]} 19. h4 {[%emt 0:06:11]} bxc3 {[%emt 0:01:04]} 20. bxc3 {[%emt 0:02:21]} Kh8 {[%emt 0:01:01]} 21. Kh1 {[%emt 0:05:32]} c4 {[%emt 0:04:12]} 22. Bxc4 {[%emt 0:00:54]} Rxc4 {[%emt 0:00:05]} 23. dxc4 {[%emt 0:00:09]} Qc8 {[%emt 0:00:04]} 24. Rab1 {[%emt 0:04:01]} Nb6 {[%emt 0:02:25]} 25. Qf5 {[%emt 0:04:03]} Qc6 {[%emt 0:00:28]} 26. c5 {[%emt 0:04:34]} g6 {[%emt 0:00:33]} 27. Qf3 {[%emt 0:01:21]} dxc5 {[%emt 0:00:55]} 28. Be3 {[%emt 0:02:58]} f5 {[%emt 0:00:33]} 29. gxf6 {[%emt 0:00:30]} Rxf6 {[%emt 0:00:05]} 30. Qg4 {[%emt 0:00:49]} h5 {[%emt 0:05:06]} 31. Qg2 {[%emt 0:00:57]} Rf8 {[%emt 0:00:38]} 32. Bg5 {[%emt 0:01:09]} Bxg5 {[%emt 0:00:43]} 33. Qxg5 {[%emt 0:02:06]} Qe6 {[%emt 0:02:55]} 34. Qg3 {[%emt 0:01:28]} Rf4 {[%emt 0:01:23]} 35. f3 {[%emt 0:03:55]} Nc4 {[%emt 0:12:55]} 36. Rb8+ {[%emt 0:01:06]} Kg7 {[%emt 0:00:54]} 37. Reb1 {[%emt 0:00:26]} Nd6 {[%emt 0:00:38]} 38. Ra8 {[%emt 0:00:34]} Qa2 {[%emt 0:01:06]} 39. Rxa7+ {[%emt 0:00:12]} Nf7 {[%emt 0:00:04]} 40. Rb6 {[%emt 0:00:00]} Qa1+ {[%emt 0:00:00]} 41. Kh2 {[%emt 0:04:54]} Qa2+ {[%emt 0:03:26]} 42. Qg2 {[%emt 0:08:04]} Rxh4+ {[%emt 0:00:08]} 43. Kg3 {[%emt 0:00:36]} Rg4+ 44. fxg4 {[%emt 0:00:20]} Qa1 {[%emt 0:06:16]} 45. Rxf7+ {[%emt 0:01:37]} 1-0

[Event "WYCC 2018 O14"]
[Site "Halkidiki"]
[Date "2018.10.28"]
[Round "9"]
[White "Srihari L R"]
[Black "Naqopia, Giorgi"]
[Result "1-0"]
[WhiteElo "2170"]
[BlackElo "1857"]
[Annotator "NA"]
[PlyCount "121"]
[EventDate "2018.10.20"]
[EventType "swiss"]
[EventCountry "GRE"]
[SourceTitle "playchess.com"]
[Source "ChessBase"]
[SourceQuality "1"]
[TimeControl "40/5400+30:1800+30"]

1. Nf3 {[%emt 0:00:00]} d6 {[%emt 0:01:07]} 2. d4 {[%emt 0:04:49]} Nd7 {[%emt 0:00:08]} 3. c4 {[%emt 0:00:24]} g6 {[%emt 0:00:45]} 4. Nc3 {[%emt 0:00:16]} Bg7 {[%emt 0:00:05]} 5. g3 {[%emt 0:08:06]} Ngf6 {[%emt 0:02:28]} 6. Bg2 {[%emt 0:00:18]} O-O {[%emt 0:00:08]} 7. O-O {[%emt 0:00:02]} c6 {[%emt 0:00:08]} 8. d5 {[%emt 0:04:03]} cxd5 {[%emt 0:07:38]} 9. cxd5 {[%emt 0:00:11]} a6 {[%emt 0:06:59]} 10. a4 {[%emt 0:00:26]} Ng4 {[%emt 0:04:36]} 11. h3 {[%emt 0:01:21]} Nge5 {[%emt 0:00:08]} 12. Nd4 {[%emt 0:00:20]} Qb6 {[%emt 0:04:24]} 13. e3 {[%emt 0:05:06]} Nc5 {[%emt 0:06:52]} 14. a5 {[%emt 0:05:41]} Qc7 {[%emt 0:00:12]} 15. Qc2 {[%emt 0:00:32]} Bd7 {[%emt 0:07:28]} 16. Rd1 {[%emt 0:04:45]} Rfc8 {[%emt 0:06:46]} 17. Bf1 {[%emt 0:01:42]} Bf5 {[%emt 0:18:59]} 18. Nxf5 {[%emt 0:08:28]} gxf5 {[%emt 0:00:46]} 19. f4 {[%emt 0:10:58]} Ng6 {[%emt 0:07:06]} 20. g4 {[%emt 0:11:49]} fxg4 {[%emt 0:03:37]} 21. hxg4 {[%emt 0:00:19]} b5 {[%emt 0:00:36]} 22. Ne4 {[%emt 0:11:39]} Nxe4 {[%emt 0:04:25]} 23. Qxe4 {[%emt 0:01:04]} Qc2 {[%emt 0:00:13]} 24. Qxc2 {[%emt 0:04:44]} Rxc2 {[%emt 0:00:03]} 25. Bd3 {[%emt 0:01:33]} Rc5 {[%emt 0:01:54]} 26. e4 {[%emt 0:07:52]} Bd4+ {[%emt 0:06:15]} 27. Kh2 {[%emt 0:01:54]} e5 {[%emt 0:05:43]} 28. dxe6 {[%emt 0:01:10]} fxe6 {[%emt 0:00:06]} 29. Bxb5 {[%emt 0:00:11]} Rc2+ {[%emt 0:00:07]} 30. Kh1 {[%emt 0:00:45]} Bxb2 {[%emt 0:01:54]} 31. Bxb2 {[%emt 0:02:46]} Rxb2 {[%emt 0:01:55]} 32. Bc4 {[%emt 0:02:04]} d5 {[%emt 0:00:26]} 33. exd5 {[%emt 0:00:17]} Rc8 {[%emt 0:00:07]} 34. Rac1 {[%emt 0:00:43]} Nxf4 {[%emt 0:01:09]} 35. d6 {[%emt 0:00:12]} Rd8 {[%emt 0:00:52]} 36. d7 {[%emt 0:00:39]} Kf8 {[%emt 0:01:07]} 37. Bxa6 {[%emt 0:00:47]} Ke7 {[%emt 0:00:08]} 38. Bc8 {[%emt 0:00:26]} h5 {[%emt 0:00:17]} 39. Rb1 {[%emt 0:00:23]} Rc2 {[%emt 0:00:46]} 40. Rdc1 {[%emt 0:00:00]} Rd2 {[%emt 0:00:00]} 41. Rd1 {[%emt 0:03:10]} Rc2 {[%emt 0:03:10]} 42. Rf1 {[%emt 0:13:18]} Ne2 {[%emt 0:02:50]} 43. Rf2 {[%emt 0:12:09]} hxg4 {[%emt 0:00:18]} 44. Rbf1 {[%emt 0:00:36]} Rh8+ {[%emt 0:08:41]} 45. Kg2 {[%emt 0:00:07]} g3 {[%emt 0:01:06]} 46. Rf7+ {[%emt 0:00:33]} Kd6 {[%emt 0:00:06]} 47. Rh7 {[%emt 0:03:09]} Nd4+ {[%emt 0:06:42]} 48. Kg1 {[%emt 0:00:24]} Ne2+ {[%emt 0:00:24]} 49. Kg2 {[%emt 0:00:01]} Nd4+ {[%emt 0:00:09]} 50. Kxg3 {[%emt 0:00:45]} Rg8+ {[%emt 0:00:04]} 51. Kh3 {[%emt 0:01:33]} Rd2 {[%emt 0:11:25]} 52. a6 {[%emt 0:00:56]} Nf5 {[%emt 0:00:27]} 53. Rg1 {[%emt 0:00:25]} Rd3+ {[%emt 0:00:19]} 54. Kh2 {[%emt 0:00:08]} Rd2+ {[%emt 0:00:05]} 55. Kh1 {[%emt 0:00:17]} Rxg1+ {[%emt 0:02:47]} 56. Kxg1 {[%emt 0:00:02]} Kc7 {[%emt 0:00:25]} 57. a7 {[%emt 0:01:33]} Ra2 {[%emt 0:00:05]} 58. d8=Q+ {[%emt 0:00:09]} Kxd8 {[%emt 0:00:05]} 59. Bxe6 {[%emt 0:00:05]} Ra1+ {[%emt 0:00:30]} 60. Kf2 {[%emt 0:00:17]} Nd4 {[%emt 0:01:18]} 61. Bd5 {[%emt 0:00:11]} 1-0

[Event "WYCC 2018 O14"]
[Site "Halkidiki"]
[Date "2018.10.28"]
[Round "9"]
[White "Mishra, Abhimanyu"]
[Black "Radojicic, Aleksandar M"]
[Result "1-0"]
[WhiteElo "2149"]
[BlackElo "1814"]
[Annotator "NA"]
[PlyCount "101"]
[EventDate "2018.10.20"]
[EventType "swiss"]
[EventCountry "GRE"]
[SourceTitle "playchess.com"]
[Source "ChessBase"]
[SourceQuality "1"]
[TimeControl "40/5400+30:1800+30"]

1. e4 {[%emt 0:00:00]} c5 {[%emt 0:00:00]} 2. Nf3 {[%emt 0:00:00]} a6 {[%emt 0:00:00]} 3. c4 {[%emt 0:00:00]} Nc6 {[%emt 0:00:00]} 4. d4 {[%emt 0:00:10]} cxd4 {[%emt 0:00:25]} 5. Nxd4 {[%emt 0:00:04]} e5 {[%emt 0:00:08]} 6. Nc2 {[%emt 0:01:01]} Bc5 {[%emt 0:01:25]} 7. Nc3 {[%emt 0:15:36]} d6 {[%emt 0:01:35]} 8. Be3 {[%emt 0:09:27]} Bxe3 {[%emt 0:09:20]} 9. Nxe3 {[%emt 0:01:04]} Be6 {[%emt 0:00:42]} 10. Bd3 {[%emt 0:03:53]} Nge7 {[%emt 0:08:35]} 11. O-O {[%emt 0:05:22]} O-O {[%emt 0:04:05]} 12. Qd2 {[%emt 0:08:26]} Qc7 {[%emt 0:16:54]} 13. Rac1 {[%emt 0:05:30]} Nd4 {[%emt 0:00:48]} 14. Ne2 {[%emt 0:05:10]} Nxe2+ {[%emt 0:04:16]} 15. Bxe2 {[%emt 0:02:48]} Rfd8 {[%emt 0:05:04]} 16. Rfd1 {[%emt 0:02:33]} Rac8 {[%emt 0:03:04]} 17. b3 {[%emt 0:07:20]} Qb6 {[%emt 0:04:41]} 18. Rc3 {[%emt 0:05:58]} Rd7 {[%emt 0:12:55]} 19. Rd3 {[%emt 0:07:18]} Rcd8 {[%emt 0:00:28]} 20. Qb2 {[%emt 0:01:38]} Qc6 {[%emt 0:01:55]} 21. Nd5 {[%emt 0:01:59]} Bxd5 {[%emt 0:02:37]} 22. cxd5 {[%emt 0:01:24]} Qb6 {[%emt 0:01:23]} 23. Bg4 {[%emt 0:01:54]} Rc7 {[%emt 0:00:31]} 24. Rc1 {[%emt 0:00:52]} Rc5 {[%emt 0:03:26]} 25. Rdc3 {[%emt 0:02:23]} Rxc3 {[%emt 0:04:47]} 26. Qxc3 {[%emt 0:00:00]} f5 {[%emt 0:01:17]} 27. Bxf5 {[%emt 0:02:01]} Nxf5 {[%emt 0:00:13]} 28. exf5 {[%emt 0:00:01]} Qb5 {[%emt 0:01:23]} 29. Qc7 {[%emt 0:02:44]} Qd7 {[%emt 0:00:31]} 30. f3 {[%emt 0:02:31]} Kf7 {[%emt 0:01:32]} 31. g4 {[%emt 0:02:24]} Ke7 {[%emt 0:01:12]} 32. Kf2 {[%emt 0:01:27]} h6 {[%emt 0:03:24]} 33. Kg3 {[%emt 0:01:30]} g5 {[%emt 0:03:33]} 34. Qxd7+ {[%emt 0:01:49]} Rxd7 {[%emt 0:00:58]} 35. h4 {[%emt 0:00:11]} Kf6 {[%emt 0:00:50]} 36. hxg5+ {[%emt 0:00:38]} Kxg5 {[%emt 0:00:10]} 37. Rc8 {[%emt 0:00:35]} Kf6 {[%emt 0:01:52]} 38. Re8 {[%emt 0:00:31]} Kf7 {[%emt 0:02:29]} 39. Re6 {[%emt 0:00:14]} Kg7 {[%emt 0:00:12]} 40. Rg6+ {[%emt 0:00:00]} Kh7 {[%emt 0:00:00]} 41. Kh4 {[%emt 0:01:14]} a5 {[%emt 0:02:30]} 42. Kh5 {[%emt 0:00:13]} b5 43. Rxh6+ {[%emt 0:00:13]} Kg7 {[%emt 0:00:40]} 44. f6+ {[%emt 0:00:34]} Kg8 {[%emt 0:00:15]} 45. Kg6 {[%emt 0:00:25]} b4 {[%emt 0:01:11]} 46. g5 {[%emt 0:00:35]} a4 {[%emt 0:00:26]} 47. f7+ {[%emt 0:00:31]} Rxf7 {[%emt 0:00:03]} 48. Rh8+ {[%emt 0:00:10]} Kxh8 {[%emt 0:00:04]} 49. Kxf7 {[%emt 0:00:08]} e4 {[%emt 0:00:11]} 50. g6 {[%emt 0:00:15]} axb3 {[%emt 0:00:09]} 51. g7+ {[%emt 0:00:05]} 1-0

[Event "WYCC 2018 O14"]
[Site "Halkidiki"]
[Date "2018.10.28"]
[Round "9"]
[White "Krallis, Christos"]
[Black "Boyer, Mahel"]
[Result "1-0"]
[WhiteElo "2139"]
[BlackElo "2227"]
[Annotator "TA"]
[PlyCount "51"]
[EventDate "2018.10.20"]
[EventType "swiss"]
[EventCountry "GRE"]
[SourceTitle "playchess.com"]
[Source "ChessBase"]
[SourceQuality "1"]

{[%evp 15,51,0,19,0,0,0,22,-10,9,8,-16,-5,2,0,4,7,190,178,215,211,225,218,214,222,211,209,712,674,29985,29986,29986,29986,29991,29992,29994,29995,29995,29996]} 1. c4 Nf6 2. g3 e5 {[%cal Be7e5,Be5e4][%mdl 32]} 3. Bg2 c6 4. Nf3 e4 5. Nd4 {[%cal Bf3d4,Bd4c2,Bc2e3][%mdl 32]} Qb6 6. Nc2 {A20: English Opening: 1...e5} d5 7. O-O dxc4 8. Nc3 Be6 {LiveBook: 3 Games} 9. Nxe4 (9. d4 {feels hotter.} exd3 10. exd3 Na6 11. dxc4 Rd8 12. Qe2) 9... Nxe4 10. Bxe4 Nd7 11. Ne3 Nf6 12. Bf5 Bxf5 13. Nxf5 {[#]} Qc5 $146 ({Predecessor:} 13... Qb5) 14. Qc2 {And now d4 would win.} O-O-O 15. Ne3 b5 $2 {[#]} (15... Qh5 $11 {and Black has nothing to worry.}) 16. a4 $1 $18 h5 17. axb5 cxb5 18. b3 {[%cal Bb2b3,Bb3c4][%mdl 32]} h4 19. bxc4 hxg3 20. fxg3 {Threatens to win with Rf5.} (20. hxg3 Kb8 $14) 20... Ng4 $2 {[#]} (20... Rh5 21. Bb2 Re8) 21. Qe4 Nxe3 22. Qa8+ {White mates.} Kd7 23. Qb7+ Kd6 24. Ra6+ Ke5 25. Bb2+ Rd4 26. dxe3 {Precision: White = 82%, Black = 19%.} 1-0

[Event "WYCC 2018 O14"]
[Site "Halkidiki"]
[Date "2018.10.28"]
[Round "9"]
[White "Munshi, Aditya"]
[Black "Manafov, Vugar"]
[Result "0-1"]
[WhiteElo "2133"]
[BlackElo "2245"]
[Annotator "TA"]
[PlyCount "64"]
[EventDate "2018.10.20"]
[EventType "swiss"]
[EventCountry "GRE"]
[SourceTitle "playchess.com"]
[Source "ChessBase"]
[SourceQuality "1"]

{[%evp 21,64,49,61,59,37,35,45,38,44,29,29,25,56,16,9,9,10,12,28,-51,-43,-114,-87,-192,-171,-323,-319,-318,-302,-800,-787,-761,-744,-991,-844,-2622,-2538,-29994,-29995,-29995,-29996,-29996,-29997,-29997,-29998]} 1. e4 {[%cal Be2e4,Be4e5][%mdl 32]} Nf6 2. e5 Nd5 3. d4 d6 4. c4 Nb6 5. exd6 cxd6 6. Nc3 g6 7. Be3 Bg7 8. Rc1 O-O 9. b3 Bf5 10. h3 {B03: Alekhine's Defence: Four Pawns Attack} (10. d5 e5 11. dxe6 Bxe6 12. Nge2 d5 13. c5 Nc6 14. Nd4 Bxd4 15. Bxd4 Re8 16. cxb6 Qh4 17. Ne2 axb6 {1-0 (38) Xiong,J (2618)-Kamsky,G (2678) Saint Louis 2016 CBM 172 [Mekhitarian,K]}) 10... d5 11. c5 Nc8 {LiveBook: 5 Games} 12. Nge2 {White is slightly better.} Nc6 13. g4 Bd7 $146 ({Predecessor:} 13... Be4 14. Nxe4 dxe4 15. Bg2 f5 16. gxf5 gxf5 17. d5 Nb4 18. Nf4 Be5 19. Rg1 Bxf4 20. Bf1+ Kh8 21. Bxf4 Qxd5 22. Bc4 Nd3+ 23. Qxd3 {1-0 (23) Gokerkan,C (2404)-Manafov,V (2215) Riga 2018}) 14. Nxd5 Bxg4 15. hxg4 Qxd5 16. Rh2 Qd7 17. Qd2 {[#] Black must now prevent Bh6.} Rd8 $40 {[%mdl 128] Black mounts an attack.} 18. Bg2 e6 19. b4 a6 20. a4 (20. Kf1 $11) 20... N8e7 $15 {[%cal Bc8e7,Be7d5,Bd5e3][%mdl 32]} 21. Rd1 (21. b5 $15 axb5 22. axb5) 21... Nd5 $17 22. Rb1 {[#]} (22. Bxd5 $17 Qxd5 23. Kf1) 22... e5 $1 $19 23. dxe5 $2 (23. Bh6 Bf6 24. dxe5 Nxe5 25. Rh3) 23... Nxe3 ({Weaker is} 23... Bxe5 24. Rh4 $19) ({Less strong is} 23... Nxe5 24. Qxd5 Qxd5 25. Bxd5 $17) 24. Qxe3 Nxe5 25. f3 $2 (25. Rh3) 25... Re8 26. Qd2 Qxa4 27. Kf1 Rad8 28. Qg5 Rd1+ 29. Rxd1 Qxd1+ {Black mates.} 30. Kf2 Nd3+ 31. Kg3 Qe1+ 32. Kh3 Nf2+ {Precision: White = 27%, Black = 98%.} 0-1

[Event "WYCC 2018 O14"]
[Site "Halkidiki"]
[Date "2018.10.28"]
[Round "9"]
[White "Risteski, Emil"]
[Black "Fecker, Noah"]
[Result "1/2-1/2"]
[WhiteElo "2120"]
[BlackElo "2184"]
[Annotator "NA"]
[PlyCount "50"]
[EventDate "2018.10.20"]
[EventType "swiss"]
[EventCountry "GRE"]
[SourceTitle "playchess.com"]
[Source "ChessBase"]
[SourceQuality "1"]
[TimeControl "40/5400+30:1800+30"]

1. e4 {[%emt 0:00:00]} c5 {[%emt 0:00:00]} 2. Nf3 {[%emt 0:00:00]} e6 {[%emt 0:00:00]} 3. d4 {[%emt 0:00:11]} cxd4 {[%emt 0:00:00]} 4. Nxd4 {[%emt 0:00:06]} Nc6 {[%emt 0:00:00]} 5. Nc3 {[%emt 0:00:08]} Qc7 {[%emt 0:00:00]} 6. f4 {[%emt 0:00:08]} a6 {[%emt 0:00:18]} 7. Nxc6 {[%emt 0:00:09]} Qxc6 {[%emt 0:00:09]} 8. Bd3 {[%emt 0:00:09]} b5 {[%emt 0:02:56]} 9. Qe2 {[%emt 0:00:17]} Bb7 {[%emt 0:00:15]} 10. Bd2 {[%emt 0:00:10]} Bc5 {[%emt 0:00:08]} 11. O-O-O {[%emt 0:00:14]} Ne7 {[%emt 0:00:03]} 12. a3 {[%emt 0:00:31]} O-O {[%emt 0:00:12]} 13. Qh5 {[%emt 0:01:01]} f6 {[%emt 0:00:02]} 14. g4 {[%emt 0:01:23]} Rac8 {[%emt 0:08:29]} 15. Rhf1 {[%emt 0:03:00]} Qb6 {[%emt 0:05:17]} 16. f5 {[%emt 0:13:07]} exf5 {[%emt 0:34:10]} 17. gxf5 {[%emt 0:15:03]} Rf7 {[%emt 0:05:53]} 18. Rf3 {[%emt 0:10:32]} d5 {[%emt 0:03:42]} 19. Rh3 {[%emt 0:06:08]} h6 {[%emt 0:06:14]} 20. Nxd5 {[%emt 0:06:54]} Nxd5 {[%emt 0:03:31]} 21. exd5 {[%emt 0:00:09]} b4 {[%emt 0:02:00]} 22. a4 {[%emt 0:14:54]} b3 {[%emt 0:06:17]} 23. c3 {[%emt 0:01:22]} Re8 {[%emt 0:08:02]} 24. d6 {[%emt 0:07:53]} Bd5 {[%emt 0:04:05]} 25. Bxh6 {[%emt 0:01:20]} Qxd6 {[%emt 0:04:59]} 1/2-1/2

[Event "WYCC 2018 O14"]
[Site "Halkidiki"]
[Date "2018.10.28"]
[Round "9"]
[White "Antonica, Dragos-Andrei"]
[Black "Egorov, Mikhail"]
[Result "1-0"]
[WhiteElo "2061"]
[BlackElo "2006"]
[Annotator "NA RC"]
[PlyCount "61"]
[EventDate "2018.10.20"]
[EventType "swiss"]
[EventCountry "GRE"]
[SourceTitle "playchess.com"]
[Source "ChessBase"]
[SourceQuality "1"]
[TimeControl "40/5400+30:1800+30"]

1. d4 {[%emt 0:00:00]} d5 {[%emt 0:00:00]} 2. Nf3 {[%emt 0:00:15]} Nc6 {[%emt 0:00:00]} 3. c4 {[%emt 0:00:37]} Bg4 {[%emt 0:00:00]} 4. Nc3 {[%emt 0:00:57]} Nf6 {[%emt 0:00:35]} 5. Ne5 {[%emt 0:05:52]} dxc4 {[%emt 0:13:09]} 6. Nxg4 {[%emt 0:16:03]} Nxg4 {[%emt 0:00:09]} 7. d5 {[%emt 0:00:14]} Nce5 {[%emt 0:02:39]} 8. f4 {[%emt 0:04:51]} Nd7 {[%emt 0:04:42]} 9. e4 {[%emt 0:01:04]} Nh6 {[%emt 0:03:46]} 10. Bxc4 {[%emt 0:06:22]} g6 {[%emt 0:02:24]} 11. Qd4 {[%emt 0:07:35]} f6 {[%emt 0:00:40]} 12. O-O {[%emt 0:10:03]} Bg7 {[%emt 0:00:12]} 13. b3 {[%emt 0:00:45]} Nb6 {[%emt 0:01:17]} 14. Bb2 {[%emt 0:02:33]} e5 {[%emt 0:07:10]} 15. fxe5 fxe5 {[%emt 0:00:05]} 16. Qc5 {[%emt 0:09:32]} Nxc4 {[%emt 0:00:42]} 17. bxc4 {[%emt 0:01:45]} Qd6 {[%emt 0:06:49]} 18. Qb5+ {[%emt 0:05:57]} c6 {[%emt 0:02:26]} 19. Qxb7 {[%emt 0:01:08]} Rb8 {[%emt 0:01:35]} 20. Qxg7 {[%emt 0:00:22]} Rg8 {[%emt 0:00:20]} 21. Qxh6 {[%emt 0:00:23]} Rxb2 {[%emt 0:00:13]} 22. Qxh7 {[%emt 0:00:24]} Rf8 {[%emt 0:01:26]} 23. Rxf8+ {[%emt 0:00:12]} Qxf8 {[%emt 0:00:08]} 24. Qxg6+ {[%emt 0:00:08]} Kd8 {[%emt 0:00:09]} 25. Rf1 {[%emt 0:00:47]} Qc5+ {[%emt 0:00:05]} 26. Kh1 {[%emt 0:00:04]} Rf2 {[%emt 0:00:17]} 27. Qg5+ {[%emt 0:00:35]} Kc7 {[%emt 0:00:14]} 28. Qxe5+ {[%emt 0:00:06]} Kb6 {[%emt 0:00:34]} 29. Rb1+ {[%emt 0:01:59]} Ka6 {[%emt 0:00:06]} 30. Qc7 {[%emt 0:00:58]} Qb4 {[%emt 0:01:11]} 31. Qxc6+ {[%emt 0:01:23]} 1-0